000 01627nam a22004457a 4500
001 000095864
003 CHAP
005 20220329143127.0
008 010920d2006 mx a r 00110 spa d
010 _a92330
011 _a93302
035 _a103874
040 _cCHAP
090 _aTesis
100 1 _aAzorín Ramírez, Ricardo.
_99125
245 1 0 _aDensidades y arreglos topológicos de una variedad de calabaza (Cucurbita pepo L.) acriollada de los Reyes Acatlixhuayan, Estado de México /
_c/por Ricardo Azorín Ramírez.
260 _aChapingo, Méx. :
_bEl autor,
_c2006.
300 _a49 h. :
_bilus.; cuadros.
502 _aTesis (Ing. Agr. Esp. en Fitotecnia) - - UACH. Departamento de Fitotecnia
590 _aALEPH
_b10
_c20130110
_lUCH01
_h1512
590 _aBATCH-UPD
_b10
_c20130110
_lUCH01
_h0724
590 _aBATCH-UPD
_b10
_c20130410
_lUCH01
_h0408
590 _aBATCH-UPD
_b10
_c20130914
_lUCH01
_h0508
590 _aBATCH-UPD
_b10
_c20140324
_lUCH01
_h1457
590 _aBATCH-UPD
_b10
_c20141002
_lUCH01
_h0830
590 _aBATCH
_b00
_c20181121
_lUCH01
_h0758
590 _aCONVERSION
_b10
_c20130109
_lUCH01
_h1351
590 _aE5765TAJ
_b10
_c20130607
_lUCH01
_h1149
650 1 4 _aCalabaza
_xVariedades.
_917301
650 1 4 _aSiembra.
_9105838
650 1 4 _aTopología.
_9113916
856 _3Finding aid
_uhttp://10.13.5.2/tesis/103874.pdf
_zTeclea aquí
856 _a1
_n0000679
901 _aBK
905 _aElisama A. H.
942 _cCD
942 _n0
949 _aTesis
_bBC
_cTES
_d00000000103874
_eTS1
_h45405
_i103874
_sb
949 _aTesis
_bBC
_cTES
_d33724000877361
_eTS2
_fc.2
_h45406
_i103874
_si
999 _c92330
_d92330